Introduction to hydrology (Record no. 3809)

000 -LEADER
fixed length control field 00582nam a2200229 a 4500
001 - CONTROL NUMBER
control field 3809
003 - CONTROL NUMBER IDENTIFIER
control field BD-DhUET
008 - FIXED-LENGTH DATA ELEMENTS--GENERAL INFORMATION
fixed length control field 941109s1995 ilua b 001 0 eng
020 ## - INTERNATIONAL STANDARD BOOK NUMBER
International Standard Book Number 0673991652
040 ## - CATALOGING SOURCE
Original cataloging agency DLC
Transcribing agency DLC
Modifying agency BD-DhUET
082 00 - DEWEY DECIMAL CLASSIFICATION NUMBER
Classification number 551.49
Item number VIE/1996
100 ## - MAIN ENTRY--PERSONAL NAME
Personal name Viessman, Warren
245 10 - TITLE STATEMENT
Title Introduction to hydrology
250 ## - EDITION STATEMENT
Edition statement 4th ed.
260 ## - PUBLICATION, DISTRIBUTION, ETC. (IMPRINT)
Place of publication, distribution, etc. New York
Name of publisher, distributor, etc. Harpe & Row Publishers
Date of publication, distribution, etc. 1996
300 ## - PHYSICAL DESCRIPTION
Extent xiv,760p.
Other physical details ill.
Dimensions 25 cm.
504 ## - BIBLIOGRAPHY, ETC. NOTE
Bibliography, etc Includes bibliographies
650 #0 - SUBJECT ADDED ENTRY--TOPICAL TERM
Topical term or geographic name as entry element Hydrology
700 1# - ADDED ENTRY--PERSONAL NAME
Personal name Lewis, Gary L.
700 ## - ADDED ENTRY--PERSONAL NAME
Personal name Knapp, John W.
942 ## - ADDED ENTRY ELEMENTS (KOHA)
Koha item type General Book
Holdings
Damaged status Lost status Koha date last seen Withdrawn status Shelving location Koha normalized classification for sorting Not for loan Sublocation or collection (holding branch) Location (home branch) Price effective from Koha full call number Date acquired Koha item type Source of classification or shelving scheme Copy number Piece designation (barcode)
  2014-11-06 Circulation section551_000000000000000_49VIE1996 Central Library, BUETCentral Library, BUET2014-11-06551.49/VIE/19962014-11-06General Book 189516
  2014-11-09 Circulation section551_490000000000000_VIE_1996 Central Library, BUETCentral Library, BUET2014-11-09551.49/VIE/19962014-11-09General Book 289518
  2014-11-24 Circulation section551_490000000000000_VIE_1996 Central Library, BUETCentral Library, BUET2014-11-24551.49/VIE/19962014-11-24General Book 371480
  2015-06-08 Reading section551_490000000000000_VIE_1996 Central Library, BUETCentral Library, BUET2015-06-08551.49/VIE/19962015-06-08Reading Item 489515